|
|
|
|
| LEADER |
01463nam a2200301 a 4500 |
| 001 |
17536 |
| 003 |
BD-DhAAL |
| 008 |
090527s1988 nyua b 001 0 eng d |
| 010 |
|
|
|a 87010623
|
| 020 |
|
|
|a 9780471805533
|
| 020 |
|
|
|a 047180553X
|
| 040 |
|
|
|a DLC
|c DLC
|d DLC
|d BD-DhAAL
|
| 082 |
0 |
0 |
|a 539.7
|2 19
|
| 100 |
1 |
|
|a Krane, Kenneth S.
|9 40249
|
| 245 |
1 |
0 |
|a Introductory nuclear physics /
|c Kenneth S. Krane.
|
| 260 |
|
|
|a New York :
|b Wiley,
|c c1987.
|
| 300 |
|
|
|a xiii, 845 p. :
|b ill. ;
|c 24 cm.
|
| 500 |
|
|
|a Rev. ed. of: Introductory nuclear physics / David Halliday. 2nd ed. 1955.
|
| 504 |
|
|
|a Includes bibliographical references and index.
|
| 526 |
|
|
|a MNS
|x Mahabobe Shobahani
Faculty Member of BRAC University
Course Name : Nuclear Physics I (PHY 305)
|
| 541 |
1 |
|
|e 17536
|a Blackwell Book Services
|
| 650 |
|
0 |
|a Nuclear physics.
|
| 700 |
1 |
|
|a Halliday, David,
|d 1916-
|t Introductory nuclear physics.
|9 57734
|
| 852 |
4 |
|
|a Ayesha Abed Library
|c General Stacks
|
| 942 |
0 |
0 |
|0 3
|2 ddc
|c BK
|
| 999 |
|
|
|c 1068
|d 1068
|
| 952 |
|
|
|0 0
|1 0
|2 ddc
|4 0
|6 539_700000000000000_KRA
|7 0
|9 965
|a BRACUL
|b BRACUL
|c GEN
|d 2009-06-24
|e Blackwell Book Services
|l 7
|m 73
|o 539.7 KRA
|p 3010017536
|r 2022-03-20
|s 2019-09-17
|t 1
|w 2009-06-24
|y BK
|x Requisitioned by Mahabobe Shobahani for the course named- "Nuclear Physics I (PHY 305)" ; £40.07
|
| 952 |
|
|
|0 0
|1 0
|2 ddc
|4 0
|6 539_700000000000000_KRA
|7 0
|9 14376
|a BRACUL
|b BRACUL
|c GEN
|d 2011-02-15
|l 7
|m 52
|o 539.7 KRA
|p 3010017492
|r 2019-12-30
|s 2019-09-02
|t 2
|w 2011-02-15
|y BK
|